| 000 | 00911cam a22002775a 4500 | ||
|---|---|---|---|
| 001 | 11409439 | ||
| 005 | 20161018122645.0 | ||
| 008 | 150601t2015 caua frbd 001 0 eng d | ||
| 020 | _a9781449373078 | ||
| 040 |
_aWaSeSS _beng _cWaSeSS _dWaSeSS _dEG-ScBUE |
||
| 082 | 0 | 4 |
_222 _a621.381 _bHUG |
| 100 | 1 |
_aHughes, John M. _c(Systems engineer), |
|
| 245 | 1 | 0 |
_aPractical electronics : _bcomponents and techniques / _cJohn M. Hughes. |
| 260 |
_aSebastopol : _bO'Reilly Media, _cc.2015. |
||
| 300 |
_axix, 537 p. : _bill. ; _c24 cm. |
||
| 500 | _aGlossary : p. 493-516. | ||
| 500 | _aIndex : p. 517-537. | ||
| 504 | _aIncludes bibliographical references. | ||
| 506 | _aLicense restrictions may limit access. | ||
| 650 | 7 |
_aElectronics. _2BUEsh _96509 |
|
| 650 | 7 |
_aElectronic circuits. _2BUEsh _96945 |
|
| 650 | 7 |
_aElectricity. _2BUEsh _929600 |
|
| 651 | _2BUEsh | ||
| 653 |
_bENGELC _cOctober2016 |
||
| 942 | _2ddc | ||
| 999 |
_c22679 _d22651 |
||